El ascenso de China : (Record no. 197099)
[ view plain ]
| 000 -LEADER | |
|---|---|
| campo de control de longitud fija | 02586nam a2200385 i 4500 |
| 001 - NÚMERO DE CONTROL | |
| campo de control | 197099 |
| 003 - IDENTIFICADOR DE NÚMERO DE CONTROL | |
| campo de control | ES-MaACL |
| 005 - FECHA Y HORA DE LA ÚLTIMA TRANSACCIÓN | |
| campo de control | 20250824063101.0 |
| 008 - DATOS DE LONGITUD FIJA--INFORMACIÓN GENERAL | |
| campo de control de longitud fija | 250407s2025 esp| ||| |||||||spa|| |
| 017 ## - NÚMERO DE COPYRIGHT O DE DEPÓSITO LEGAL | |
| Número de copyright o de depósito legal | B 2426-2025 |
| Agencia que asigna | Oficina Depósito Legal Barcelona |
| 020 ## - NÚMERO INTERNACIONAL ESTÁNDAR DEL LIBRO | |
| Número Internacional Estándar del Libro | 9788423438693 |
| 040 ## - FUENTE DE CATALOGACIÓN | |
| Centro catalogador/agencia de origen | M-BCD |
| Lengua de catalogación | spa |
| Centro/agencia transcriptor | M-BCD |
| 072 #7 - CÓDIGO DE CATEGORÍA DE MATERIA | |
| Código de categoría de materia | 02 |
| 072 #7 - CÓDIGO DE CATEGORÍA DE MATERIA | |
| Código de categoría de materia | 10 |
| 072 #7 - CÓDIGO DE CATEGORÍA DE MATERIA | |
| Código de categoría de materia | 15 |
| 100 1# - ENTRADA PRINCIPAL--NOMBRE DE PERSONA | |
| Nombre de persona | Dezcallar, Rafael |
| 9 (RLIN) | 240004 |
| Término indicativo de función/relación | Autor |
| 245 13 - MENCIÓN DEL TÍTULO | |
| Título | El ascenso de China : |
| Resto del título | una mirada a la otra gran potencia / |
| Mención de responsabilidad, etc. | Rafael Dezcallar. |
| 250 ## - MENCION DE EDICION | |
| Mención de edición | Primera edición: marzo 2025 |
| 260 ## - PUBLICACIÓN, DISTRIBUCIÓN, ETC. | |
| Lugar de publicación, distribución, etc. | Barcelona : |
| Nombre del editor, distribuidor, etc. | Deusto, |
| Fecha de publicación, distribución, etc. | 2025. |
| 300 ## - DESCRIPCIÓN FÍSICA | |
| Extensión | 350 páginas ; |
| Dimensiones | 23 cm. |
| 336 ## - TIPO DE CONTENIDO | |
| Término de tipo de contenido | Texto (visual) |
| Fuente | rdacontent |
| 337 ## - TIPO DE MEDIO | |
| Nombre/término del tipo de medio | sin mediaciâon. |
| Fuente | rdamedia |
| 338 ## - TIPO DE SOPORTE | |
| Fuente | rdacarrier |
| Nombre/término del tipo de soporte | volumen |
| 504 ## - NOTA DE BIBLIOGRAFÍA, ETC. | |
| Nota de bibliografía, etc. | Bibliografía: páginas [349]-350. |
| 520 3# - RESUMEN, ETC. | |
| Sumario, etc. | Resumen: "China, un país enigmático durante siglos, ha mudado de piel para convertirse hoy en una potencia que compite con Estados Unidos por la hegemonía mundial. En tan solo cuarenta años ha pasado de vivir inmersa en la miseria a convertirse en una nación que acapara el 17 por ciento del PIB mundial. Con una clase media de cuatrocientos millones de personas y más multimillonarios que ningún otro país, China ha asombrado al mundo siguiendo su peculiar receta capitalista-leninista. ¿Cómo lo ha logrado? {Hasta dónde puede llegar? Y, sobre todo, ¿qué debemos esperar de esta nueva gran potencia, la única con capacidad de hacer sombra a Estados Unidos? Este libro es un retrato inteligente de los éxitos, retos y contradicciones del gigante asiático. Un profundo análisis para explicar los motivos que hay detrás de su sorpresiva irrupción en el tablero internacional. Solo alguien que ha vivido allí y se ha codeado con sus dirigentes puede dar respuesta a estas cuestiones. Rafael Dezcallar, embajador de España en el país de 2018 a 2024, analiza en El ascenso de China las claves de una nación que plantea un desafío económico e ideológico sin precedentes. ¿Será el siglo xxi el siglo de China?..." |
| 651 #0 - PUNTO DE ACCESO ADICIONAL DE MATERIA--NOMBRE GEOGRÁFICO | |
| Nombre geográfico | China |
| 9 (RLIN) | 240007 |
| 653 ## - TÉRMINO DE INDIZACIÓN--NO CONTROLADO | |
| Término no controlado | 2011-2020. |
| 653 ## - TÉRMINO DE INDIZACIÓN--NO CONTROLADO | |
| Término no controlado | 2021-2030. |
| 852 ## - LOCALIZACIÓN | |
| Ubicación | ES-MaACL |
| Ubicación en estantería | Depósito J |
| Número de control de estantería | N-10537 |
| itemnumber | 206660 |
| condición física | |
| Anotaciones manuscritas | Dedicatoria autógrafa del autor |
| Donativo/Legado | Donación: Rafael Dezcallar |
| Encuadernación | Encuadernación rústica con solapas |
| 903 ## - NOMBRE PERSONAL DE DONANTE | |
| 9 | 240004 |
| a | Dezcallar, Rafael |
| e | Donante |
| 942 ## - ELEMENTOS DE ENTRADA SECUNDARIOS (KOHA) | |
| Tipo de ítem Koha | Libro impreso |
| Suprimir en OPAC | No |
| Estatus retirado | Estado de pérdida | Fuente del sistema de clasificación o colocación | Estado de daño | No para préstamo | Colección | Biblioteca de origen | Biblioteca actual | Ubicación en estantería | Fecha de adquisición | Fuente de adquisición | Total de préstamos | Signatura topográfica completa | Código de barras | Visto por última vez | Precio de reemplazo | Tipo de ítem Koha |
|---|---|---|---|---|---|---|---|---|---|---|---|---|---|---|---|---|
| Clasificación decimal universal | Libros con dedicatorias | Biblioteca del Ateneo de Madrid | Biblioteca del Ateneo de Madrid | Depósito J | 22/08/2025 | Donación | N-10537 | 2025-1036 | 22/08/2025 | 22/08/2025 | Libro impreso |
